000 00237nam a2200097Ia 4500
001 709352
005 20250826162545.0
008 250824s9999 xx 000 0 und d
245 0 _aMAVİ ZAMANLAR
_cMAVİSEL YENER
260 _bTUDEM YAYINLARI
999 _c709352
_d709352